000 00313nam a22001457a 4500
008 210322b ||||| |||| 00| 0 eng d
020 _a9780195167283
041 _aeng
080 _a616.8
082 _a616.8
100 _a7
101 _aTRU
245 _aBrave new Brain
_cAndreasen, N. C
942 _2udc
_cBK
999 _c56666
_d56666